00430nam a22001577a 450000500170000001000150001702000260003203500130005803700130007108200110008410000190009524500620011426000330017627000420020930000210025120140922111810.0 aENG-110839 a9788184302035c250.00 aEN-94371 bDBAD/PUB a791.43 aSaraf, Nandini aThe life and times of Charlie Chaplin /cby Nandini Saraf aNew DelhibOcean booksc2013 a4/19 Asaf Ali roadbNew Delhie110002 a192p. c22cm(Hb)